LEADER 01452nam a2200325 a 4500 001 000000130186 003 CaOOAMICUS 005 20120914165643.0 008 120914s2011 it oba u000 u ita r 040 $aPUL$bita 041 1 $aita$heng 082 04$a909.8 100 1 $aNeville, Leigh.$0(OLS)http://pul/name/83401 240 10$aSpecial operations forces in Iraq.$lItaliano.$0(OLS)http://pul/title/164561 245 10$aForze speciali in Iraq /$cLeigh Neville ; illustrazioni di Richard Hook. 260 $aMilano :$bRBA Italia,$c©2011. 300 $a72 p. :$bill., foto., c. geogr. ;$c25 cm. 490 1 $aGuerre contemporanee. Gli eserciti, gli armamenti, le scelte cruciali ;$v34 500 $aPubblicazione periodica settimanale. 504 $aInclude riferimenti bibliografici e indice. 651 4$aIraq$xStoria$ySec. XX.$0(OLS)http://pul/subject/38948 700 1 $aHook, Richard.$0(OLS)http://pul/name/75865 830 0$aGuerre contemporanee.$pGli eserciti, gli armamenti, le scelte cruciali ;$v34.$0(OLS)http://pul/title/160108 850 $aPUL 852 $aPUL$W1$xDP2 Filosofia 3$y112$m909. 8 COLL 1.34$j150723$qDDC 21$B149286$CPULBib$Z2$F149286 $H119935 $82 941 1 $a9 996 $6082$a909.8$9(OLS)http://pul/classification/2131 996 $6245$aForze speciali in Iraq$9(OLS)http://pul/title/164562 996 $6260$aMilano :$bRBA Italia$9(OLS)http://pul/publisher/80118 LEADER 01433nam a2200301 a 4500 001 000000138245 003 CaOOAMICUS 005 20140429140934.0 008 140429s2014 it u000 u ita r 020 $a978-88-08-16714-9 040 $aPUL$bita 082 04$a348 100 1 $aIlardi, Alfredo.$0(OLS)http://pul/name/89115 245 13$aIl nuovo brevetto europeo :$bil brevetto europeo con effetto unitario: il primo sistema integrato di protezione dell'innovazione nell'Unione Europea /$cAlfredo Ilardi. 260 $aBologna :$bZanichelli,$c©2014. 300 $aVIII, 205 p. ;$c25 cm. 490 1 $aStrumenti del diritto ;$v35 504 $aBibliografia in nota. 650 4$aProprietą industriale (diritto).$0(OLS)http://pul/subject/39686 830 0$aStrumenti del diritto ;$v35.$0(OLS)http://pul/title/136502 850 $aPUL 852 $aPUL$W1$xSL Diritto e Scienze Sociali 3$y79$m348 COLL 1.35$j159400$qDDC 21$B158966$CPULBib$Z2$F158966 $H123864 $82 941 1 $a9 996 $6020$a978-88-08-16714-9 $9(OLS)http://pul/number/155107 996 $6082$a348$9(OLS)http://pul/classification/2532 996 $6245$aIl nuovo brevetto europeo :$bil brevetto europeo con effetto unitario: il primo sistema integrato di protezione dell'innovazione nell'Unione Europea$9(OLS)http://pul/title/175006 996 $6260$aBologna :$bZanichelli$9(OLS)http://pul/publisher/48255